00792nam a22001817a 4500003000200000005001700002008004100019050002200060100003300082245013000115260007300245300002800318500004100346504005700387650005400444650006800498650004400566020250219154715.0250219b xxu||||| |||| 00| 0 eng d aHG 4026bR34 2023 aRafols, Krishna Ysabelle I.  aCash management practices of selected micro enterprises in Barangay Marcelo Green, Paranaque CitycKrishna Ysabelle I. Rafols aLas Pinas CitybSouthville International School and Colleges cc2023 avii, 82 pages ;c28cm.  aBachelor of Science in Accountancy.  aIncludes bibliographical references and appendices.  aCash management—Philippines—Parañaque City. aMicroenterprises—Management—Philippines—Parañaque City. aSmall business—Finance—Philippines.